Two Phase Model of Diffusion in Polycrystalline Material; Advanced Materials Research; Vol. 1040 : High Technology: Research and Applications 2014 (HTRA 2014)

Chi tiết về thư mục
Parent link:Advanced Materials Research: Scientific Journal
Vol. 1040 : High Technology: Research and Applications 2014 (HTRA 2014).— 2014.— [P. 614-619]
Tác giả chính: Chepak-Gizbrekht M. V. Mariya Vladimirovna
Tác giả của công ty: Национальный исследовательский Томский политехнический университет (ТПУ) Институт физики высоких технологий (ИФВТ) Кафедра физики высоких технологий в машиностроении (ФВТМ)
Tác giả khác: Shvagrukova E. V. Ekaterina Vasilevna
Tóm tắt:Title screen
Diffusion research is important for understanding of many processes based on mass transfer. In many respects, diffusion, determines physical and mechanical characteristics for new materials with fine-dispersed matter and a large number of grain boundaries and phases. Models of diffusion along grain boundaries and their modifications are widely known in literature, but they are not always applicable to nanomaterials due to indistinct determination of some notions. At the present paper the model of diffusion is presented, which considers boundaries and area near boundaries as a phase with special properties. Mass transfer between the volume of a grain and a boundary phase is taken into account. The approximate analytical solution of the problem is formulated. In the general case the problem is solved numerically. Non monotonic distributions of concentrations in volume are obtained.
Режим доступа: по договору с организацией-держателем ресурса
Ngôn ngữ:Tiếng Anh
Được phát hành: 2014
Loạt:Simulation of Physical and Chemical Processes
Những chủ đề:
Truy cập trực tuyến:http://dx.doi.org/10.4028/www.scientific.net/AMR.1040.614
Định dạng: Điện tử Chương của sách
KOHA link:https://koha.lib.tpu.ru/cgi-bin/koha/opac-detail.pl?biblionumber=641095

MARC

LEADER 00000nla2a2200000 4500
001 641095
005 20240110141914.0
035 |a (RuTPU)RU\TPU\network\5973 
035 |a RU\TPU\network\5972 
090 |a 641095 
100 |a 20150508a2014 k y0engy50 ba 
101 0 |a eng 
102 |a US 
105 |a y z 100zy 
135 |a drcn ---uucaa 
181 0 |a i  
182 0 |a b 
200 1 |a Two Phase Model of Diffusion in Polycrystalline Material  |f M. V. Chepak-Gizbrekht, E. V. Shvagrukova 
203 |a Text  |c electronic 
225 1 |a Simulation of Physical and Chemical Processes 
300 |a Title screen 
330 |a Diffusion research is important for understanding of many processes based on mass transfer. In many respects, diffusion, determines physical and mechanical characteristics for new materials with fine-dispersed matter and a large number of grain boundaries and phases. Models of diffusion along grain boundaries and their modifications are widely known in literature, but they are not always applicable to nanomaterials due to indistinct determination of some notions. At the present paper the model of diffusion is presented, which considers boundaries and area near boundaries as a phase with special properties. Mass transfer between the volume of a grain and a boundary phase is taken into account. The approximate analytical solution of the problem is formulated. In the general case the problem is solved numerically. Non monotonic distributions of concentrations in volume are obtained. 
333 |a Режим доступа: по договору с организацией-держателем ресурса 
461 0 |0 (RuTPU)RU\TPU\network\4598  |t Advanced Materials Research  |o Scientific Journal 
463 0 |0 (RuTPU)RU\TPU\network\4652  |t Vol. 1040 : High Technology: Research and Applications 2014 (HTRA 2014)  |o The International Conference, March 26-28, 2014, Tomsk, Russia  |o [proceedings]  |v [P. 614-619]  |d 2014 
610 1 |a электронный ресурс 
610 1 |a труды учёных ТПУ 
610 1 |a аналитические решения 
610 1 |a диффузия 
610 1 |a массообмен 
610 1 |a численный расчет 
700 1 |a Chepak-Gizbrekht  |b M. V.  |c specialist in the field of informatics and computer technology  |c programmer of Tomsk Polytechnic University  |f 1990-  |g Mariya Vladimirovna  |3 (RuTPU)RU\TPU\pers\34531 
701 1 |a Shvagrukova  |b E. V.  |c linguist  |c Associate Professor of Tomsk Polytechnic University, Candidate of philological sciences  |f 1980-  |g Ekaterina Vasilevna  |3 (RuTPU)RU\TPU\pers\30799  |9 15055 
712 0 2 |a Национальный исследовательский Томский политехнический университет (ТПУ)  |b Институт физики высоких технологий (ИФВТ)  |b Кафедра физики высоких технологий в машиностроении (ФВТМ)  |3 (RuTPU)RU\TPU\col\18687 
801 2 |a RU  |b 63413507  |c 20161229  |g RCR 
856 4 |u http://dx.doi.org/10.4028/www.scientific.net/AMR.1040.614 
942 |c CF